Las antigüedades de las ciudades de España (Record no. 160125)

MARC details
000 -LEADER
campo de control de longitud fija 01558nam a2200277 i 4500
001 - NÚMERO DE CONTROL
campo de control 160125
003 - IDENTIFICADOR DE NÚMERO DE CONTROL
campo de control ES-MaACL
005 - FECHA Y HORA DE LA ÚLTIMA TRANSACCIÓN
campo de control 20251005063125.0
008 - DATOS DE LONGITUD FIJA--INFORMACIÓN GENERAL
campo de control de longitud fija 931025s1792 sp |||| | spa d
040 ## - FUENTE DE CATALOGACIÓN
Centro catalogador/agencia de origen PAB
Lengua de catalogación spa
Centro/agencia transcriptor PAB
100 1# - ENTRADA PRINCIPAL--NOMBRE DE PERSONA
Nombre de persona Morales, Ambrosio de,
Fechas asociadas al nombre 1513-1591
9 (RLIN) 82970
245 14 - MENCIÓN DEL TÍTULO
Título Las antigüedades de las ciudades de España
Resto del título : que van nombradas en la corónica con las averiguaciones de sus sitios y nombres antiguos /
Mención de responsabilidad, etc. que escrebia Ambrosio de Morales ... ; Tomo IX [-X].
260 ## - PUBLICACIÓN, DISTRIBUCIÓN, ETC.
Lugar de publicación, distribución, etc. Madrid :
Nombre del editor, distribuidor, etc. en la Oficina de don Benito Cano,
Fecha de publicación, distribución, etc. 1792.
300 ## - DESCRIPCIÓN FÍSICA
Extensión 2 v. (LXXX, 388 p. ; [2], 142, 48, 288 p.) :
Otras características físicas il. ;
Dimensiones 22 cm.
500 #1 - NOTA GENERAL
Nota general Vol. 9-10 de la "Coronica general de España ..." de Florián de Ocampo.
505 8# - NOTA DE CONTENIDO CON FORMATO
Nota de contenido con formato t. X: Discurso de la verdadera descendencia del glorioso doctor Santo Domingo ..., 48 p. ; Relacion del viage que Ambrosio de Morales ... hizo ... el año de 1572 en Galicia y Asturias ..., 288 p.
530 ## - NOTA DISPONIBLE DE FORMULARIO FÍSICO ADICIONAL
Nota de formato físico adicional disponible Disponible en formato digital.
597 ## - NOTA DE DESCRIPCIÓN FÍSICA
NOTA DE DESCRIPCIÓN FÍSICA Sign.: a-k4, A-Z4, Aa-Zz4, Aaa-Bbb4, Ccc² ; [ ]¹, A-S4, a-f4, A-Z4, 2A-2N4.
597 #1 - NOTA DE DESCRIPCIÓN FÍSICA
NOTA DE DESCRIPCIÓN FÍSICA Portada calcográfica con orla alegórica en cada tomo.
599 #1 - NOTA A LAS ILUSTRACIONES
NOTA A LAS ILUSTRACIONES Grabado calcográfico de monedas antiguas en p. 1 de cada tomo.
599 ## - NOTA A LAS ILUSTRACIONES
NOTA A LAS ILUSTRACIONES Las il., grabados xilográficos intercalados en el texto.
651 #4 - PUNTO DE ACCESO ADICIONAL DE MATERIA--NOMBRE GEOGRÁFICO
Nombre geográfico España-
Subdivisión general Historia.
9 (RLIN) 8209
852 ## - LOCALIZACIÓN
Ubicación ES-MaACL
Número de control de estantería R-314-23
Nota libre -- Enc. pasta española
Encuadernación Olim: B-222-31
856 ## - LOCALIZACIÓN Y ACCESO ELECTRÓNICOS
Identificador Uniforme de Recursos <a href="http://bdh-rd.bne.es/viewer.vm?id=0000008345&page=1 ">http://bdh-rd.bne.es/viewer.vm?id=0000008345&page=1 </a>
Nota pública Biblioteca Digital Hispánica
Holdings
Estatus retirado Estado de pérdida Estado de daño No para préstamo Colección Biblioteca de origen Biblioteca actual Ubicación en estantería Fecha de adquisición Total de préstamos Signatura topográfica completa Código de barras Visto por última vez Precio de reemplazo Tipo de ítem Koha
        Colección digital Biblioteca del Ateneo de Madrid Biblioteca del Ateneo de Madrid Depósito 17/01/2008   R-314-23 1167640 23/02/2023 23/02/2023 Libro impreso antiguo